[Event "417 Stay Safe Play From Home series"]
[Site "Emanuel Lasker Arena"]
[Date "2020.08.28"]
[Round "1"]
[White "NTBT_DHS"]
[Black "Hickey"]
[Result "1-0"]
[WhiteElo "2585"]
[BlackElo "2329"]
[PlyCount "115"]
[EventDate "2020.08.28"]
[EventType "swiss (blitz)"]

1. e4 {[%emt 0:00:01]} c6 {[%emt 0:00:01]} 2. Nf3 {[%emt 0:00:00]} d5 {[%emt 0:00:00]} 3. exd5 {[%emt 0:00:00]} cxd5 {[%emt 0:00:00]} 4. h3 {[%emt 0:00:01]} Nf6 {[%emt 0:00:00]} 5. d3 {[%emt 0:00:00]} g6 {[%emt 0:00:00]} 6. Be2 {[%emt 0:00:00]} Bg7 {[%emt 0:00:00]} 7. O-O {[%emt 0:00:00]} O-O {[%emt 0:00:00]} 8. c3 {[%emt 0:00:00]} Nc6 {[%emt 0:00:00]} 9. Bf4 {[%emt 0:00:00]} Re8 {[%emt 0:00:01]} 10. Bh2 {[%emt 0:00:00]} e5 {[%emt 0:00:01]} 11. Qc2 {[%emt 0:00:01]} e4 {[%emt 0:00:01]} 12. dxe4 {[%emt 0:00:01]} dxe4 {[%emt 0:00:00]} 13. Rd1 {[%emt 0:00:01]} Qb6 {[%emt 0:00:01]} 14. Nd4 {[%emt 0:00:04]} Nxd4 {[%emt 0:00:02]} 15. Rxd4 {[%emt 0:00:00]} h5 {[%emt 0:00:01]} 16. Nd2 {[%emt 0:00:01]} Bf5 {[%emt 0:00:00]} 17. Nc4 {[%emt 0:00:01]} Qe6 {[%emt 0:00:02]} 18. Ne3 {[%emt 0:00:02]} Rad8 {[%emt 0:00:02]} 19. Rad1 {[%emt 0:00:01]} Rxd4 {[%emt 0:00:02]} 20. Rxd4 {[%emt 0:00:00]} Qxa2 {[%emt 0:00:03]} 21. Bc4 {[%emt 0:00:02]} Qa1+ {[%emt 0:00:04]} 22. Rd1 {[%emt 0:00:01]} Qa5 {[%emt 0:00:01]} 23. b4 {[%emt 0:00:00]} Qb6 {[%emt 0:00:02]} 24. Nxf5 {[%emt 0:00:01]} gxf5 {[%emt 0:00:01]} 25. Bf4 {[%emt 0:00:00]} Rd8 {[%emt 0:00:01]} 26. Be3 {[%emt 0:00:02]} Rxd1+ {[%emt 0:00:02]} 27. Qxd1 {[%emt 0:00:00]} Qc7 {[%emt 0:00:01]} 28. Qb3 {[%emt 0:00:00]} f4 {[%emt 0:00:02]} 29. Bd4 {[%emt 0:00:02]} Ne8 {[%emt 0:00:02]} 30. Bxg7 {[%emt 0:00:03]} Nxg7 {[%emt 0:00:00]} 31. Bd5 {[%emt 0:00:00]} e3 {[%emt 0:00:02]} 32. fxe3 {[%emt 0:00:00]} fxe3 {[%emt 0:00:01]} 33. Qc2 {[%emt 0:00:02]} Qe7 {[%emt 0:00:01]} 34. Bf3 {[%emt 0:00:03]} h4 {[%emt 0:00:02]} 35. Qd3 {[%emt 0:00:01]} Ne8 {[%emt 0:00:02]} 36. Be2 {[%emt 0:00:03]} Nd6 {[%emt 0:00:01]} 37. Qd4 {[%emt 0:00:01]} b6 {[%emt 0:00:01]} 38. Qg4+ {[%emt 0:00:01]} Kf8 {[%emt 0:00:01]} 39. Qf4 {[%emt 0:00:01]} Qe6 {[%emt 0:00:01]} 40. Bg4 {[%emt 0:00:01]} Qd5 {[%emt 0:00:02]} 41. Qxe3 {[%emt 0:00:01]} Nb5 {[%emt 0:00:02]} 42. Qh6+ {[%emt 0:00:03]} Ke7 {[%emt 0:00:01]} 43. Qxh4+ {[%emt 0:00:01]} Kd6 {[%emt 0:00:01]} 44. Qg3+ {[%emt 0:00:01]} Kc6 {[%emt 0:00:01]} 45. Bf3 {[%emt 0:00:00]} Nxc3 {[%emt 0:00:01]} 46. Bxd5+ {[%emt 0:00:01]} Nxd5 {[%emt 0:00:00]} 47. Qf3 {[%emt 0:00:00]} Kb5 {[%emt 0:00:00]} 48. Qxd5+ {[%emt 0:00:01]} Kxb4 {[%emt 0:00:00]} 49. Qxf7 {[%emt 0:00:00]} a5 {[%emt 0:00:00]} 50. Qa2 {[%emt 0:00:01]} a4 {[%emt 0:00:00]} 51. h4 {[%emt 0:00:00]} a3 {[%emt 0:00:00]} 52. h5 {[%emt 0:00:00]} b5 {[%emt 0:00:00]} 53. h6 {[%emt 0:00:00]} Ka4 {[%emt 0:00:00]} 54. h7 {[%emt 0:00:00]} b4 {[%emt 0:00:00]} 55. h8=Q {[%emt 0:00:00]} b3 {[%emt 0:00:00]} 56. Qd4+ {[%emt 0:00:00]} Ka5 {[%emt 0:00:01]} 57. Qxb3 {[%emt 0:00:00]} Ka6 {[%emt 0:00:01]} 58. Qdb6# {[%emt 0:00:00] (Lag: Av=0.66s, max=1.2s) (Lag: Av=0.66s, max=1.2s) (Lag: Av=0.66s, max=1.2s)} 1-0

[Event "417 Stay Safe Play From Home series"]
[Site "Emanuel Lasker Arena"]
[Date "2020.08.28"]
[Round "1"]
[White "Tran Minh Thang"]
[Black "GIULIO19031975"]
[Result "1-0"]
[WhiteElo "2462"]
[BlackElo "1837"]
[Annotator "NA"]
[PlyCount "125"]
[EventDate "2020.08.28"]
[EventType "swiss (blitz)"]

1. Nf3 {[%emt 0:00:05]} c6 {[%emt 0:00:01]} 2. e3 {[%emt 0:00:01]} e6 {[%emt 0:00:00]} 3. b3 {[%emt 0:00:01]} Nf6 {[%emt 0:00:00]} 4. Bb2 {[%emt 0:00:00]} Be7 {[%emt 0:00:01]} 5. c4 {[%emt 0:00:00]} O-O {[%emt 0:00:01]} 6. Qc2 {[%emt 0:00:00]} d5 {[%emt 0:00:00]} 7. Ng5 {[%emt 0:00:00]} h6 {[%emt 0:00:01]} 8. Bxf6 {[%emt 0:00:02]} hxg5 {[%emt 0:00:02]} 9. h4 {[%emt 0:00:01]} Bxf6 {[%emt 0:00:01]} 10. hxg5 {[%emt 0:00:00]} g6 {[%emt 0:00:03]} 11. gxf6 {[%emt 0:00:01]} Qxf6 {[%emt 0:00:01]} 12. Nc3 {[%emt 0:00:00]} Nd7 {[%emt 0:00:02]} 13. Be2 {[%emt 0:00:01]} Ne5 {[%emt 0:00:01]} 14. f4 {[%emt 0:00:01]} Nd7 {[%emt 0:00:02]} 15. g4 {[%emt 0:00:01]} d4 {[%emt 0:00:00]} 16. Ne4 {[%emt 0:00:01]} Qg7 {[%emt 0:00:01]} 17. Kf2 {[%emt 0:00:09]} f5 {[%emt 0:00:01]} 18. Ng5 {[%emt 0:00:02]} e5 {[%emt 0:00:02]} 19. Ne6 {[%emt 0:00:02]} Qf6 {[%emt 0:00:02]} 20. Nxf8 {[%emt 0:00:01]} Nxf8 {[%emt 0:00:01]} 21. g5 {[%emt 0:00:01]} Qg7 {[%emt 0:00:02]} 22. Rae1 {[%emt 0:00:08]} Be6 {[%emt 0:00:01]} 23. Bf3 {[%emt 0:00:02]} dxe3+ {[%emt 0:00:01]} 24. dxe3 {[%emt 0:00:01]} e4 {[%emt 0:00:00]} 25. Be2 {[%emt 0:00:01]} Bf7 {[%emt 0:00:01]} 26. Rd1 {[%emt 0:00:00]} Re8 {[%emt 0:00:02]} 27. Qd2 {[%emt 0:00:00]} Ne6 {[%emt 0:00:03]} 28. Qd6 {[%emt 0:00:01]} Nxg5 {[%emt 0:00:01]} 29. fxg5 {[%emt 0:00:01]} Rf8 {[%emt 0:00:02]} 30. Qf6 {[%emt 0:00:02]} Qxf6 {[%emt 0:00:01]} 31. gxf6 {[%emt 0:00:00]} Be6 {[%emt 0:00:01]} 32. Rdg1 {[%emt 0:00:02]} Rxf6 {[%emt 0:00:01]} 33. Bh5 {[%emt 0:00:01]} Bf7 {[%emt 0:00:02]} 34. Be2 {[%emt 0:00:04]} Kf8 {[%emt 0:00:01]} 35. Kg3 {[%emt 0:00:00]} Ke7 {[%emt 0:00:01]} 36. Kf4 {[%emt 0:00:00]} Ke6 {[%emt 0:00:01]} 37. Rh7 {[%emt 0:00:00]} Be8 {[%emt 0:00:01]} 38. Rg5 {[%emt 0:00:01]} Rf7 {[%emt 0:00:01]} 39. Rxg6+ {[%emt 0:00:01]} Ke7 {[%emt 0:00:01]} 40. Rxf7+ {[%emt 0:00:01]} Bxf7 {[%emt 0:00:01]} 41. Rg5 {[%emt 0:00:00]} Be6 {[%emt 0:00:01]} 42. Rxf5 {[%emt 0:00:00]} Kd6 {[%emt 0:00:00]} 43. Re5 {[%emt 0:00:00]} Kd7 {[%emt 0:00:01]} 44. Rxe4 {[%emt 0:00:00]} Bd5 {[%emt 0:00:01]} 45. Bg4+ {[%emt 0:00:00]} Kd6 {[%emt 0:00:02]} 46. cxd5 {[%emt 0:00:00]} cxd5 {[%emt 0:00:00]} 47. Rd4 {[%emt 0:00:00]} Kc5 {[%emt 0:00:00]} 48. Bf3 {[%emt 0:00:00]} b5 {[%emt 0:00:00]} 49. Rxd5+ {[%emt 0:00:00]} Kb4 {[%emt 0:00:00]} 50. Be2 {[%emt 0:00:00]} a5 {[%emt 0:00:00]} 51. Rxb5+ {[%emt 0:00:01]} Ka3 {[%emt 0:00:01]} 52. Rxa5+ {[%emt 0:00:00]} Kb2 {[%emt 0:00:01]} 53. Rd5 {[%emt 0:00:00]} Kxa2 {[%emt 0:00:01]} 54. Bc4 {[%emt 0:00:00]} Ka3 {[%emt 0:00:01]} 55. e4 {[%emt 0:00:00]} Kb4 {[%emt 0:00:00]} 56. e5 {[%emt 0:00:00]} Kc3 {[%emt 0:00:00]} 57. e6 {[%emt 0:00:00]} Kb2 {[%emt 0:00:00]} 58. e7 {[%emt 0:00:00]} Ka3 {[%emt 0:00:00]} 59. e8=Q {[%emt 0:00:00]} Kb4 {[%emt 0:00:00]} 60. Qe1+ {[%emt 0:00:01]} Ka3 {[%emt 0:00:02]} 61. Ra5+ {[%emt 0:00:00]} Kb2 {[%emt 0:00:00]} 62. Qd2+ {[%emt 0:00:00]} Kb1 {[%emt 0:00:01]} 63. Bd3# {[%emt 0:00:00] (Lag: Av=0.80s, max=1.6s) (Lag: Av=0.80s, max=1.6s) (Lag: Av=0.80s, max=1.6s)} 1-0

[Event "417 Stay Safe Play From Home series"]
[Site "Emanuel Lasker Arena"]
[Date "2020.08.28"]
[Round "1"]
[White "Nguyen Hong Anh"]
[Black "W Nelles"]
[Result "1-0"]
[WhiteElo "2310"]
[BlackElo "1201"]
[PlyCount "55"]
[EventDate "2020.08.28"]
[EventType "swiss (blitz)"]

1. d4 {[%emt 0:00:01]} d6 {[%emt 0:00:01]} 2. c4 {[%emt 0:00:00]} Bd7 {[%emt 0:00:01]} 3. Nf3 {[%emt 0:00:00]} e6 {[%emt 0:00:01]} 4. g3 {[%emt 0:00:00]} Nc6 {[%emt 0:00:01]} 5. Bg2 {[%emt 0:00:00]} Be7 {[%emt 0:00:01]} 6. O-O {[%emt 0:00:00]} Nf6 {[%emt 0:00:01]} 7. Nc3 {[%emt 0:00:00]} O-O {[%emt 0:00:03]} 8. d5 {[%emt 0:00:01]} exd5 {[%emt 0:00:01]} 9. cxd5 {[%emt 0:00:00]} Ne5 {[%emt 0:00:01]} 10. Nxe5 {[%emt 0:00:01]} dxe5 {[%emt 0:00:01]} 11. Be3 {[%emt 0:00:00]} Bd6 {[%emt 0:00:02]} 12. Rc1 {[%emt 0:00:01]} Ng4 {[%emt 0:00:02]} 13. Bd2 {[%emt 0:00:01]} f5 {[%emt 0:00:03]} 14. e3 {[%emt 0:00:03]} e4 {[%emt 0:00:02]} 15. Ne2 {[%emt 0:00:01]} Ne5 {[%emt 0:00:01]} 16. Nd4 {[%emt 0:00:01]} c5 {[%emt 0:00:02]} 17. dxc6 {[%emt 0:00:01]} bxc6 {[%emt 0:00:01]} 18. Qb3+ {[%emt 0:00:01]} Kh8 {[%emt 0:00:03]} 19. Bc3 {[%emt 0:00:02]} Nd3 {[%emt 0:00:02]} 20. Rcd1 {[%emt 0:00:01]} c5 {[%emt 0:00:03]} 21. Ne6 {[%emt 0:00:01]} Bxe6 {[%emt 0:00:02]} 22. Qxe6 {[%emt 0:00:00]} Qf6 {[%emt 0:00:03]} 23. Bxf6 {[%emt 0:00:02]} gxf6 {[%emt 0:00:02]} 24. Qxd6 {[%emt 0:00:01]} Ne5 {[%emt 0:00:02]} 25. Qxc5 {[%emt 0:00:01]} Nf3+ {[%emt 0:00:01]} 26. Bxf3 {[%emt 0:00:02]} exf3 {[%emt 0:00:01]} 27. Rd7 {[%emt 0:00:00]} Rae8 {[%emt 0:00:04]} 28. Qxf5 {[%emt 0:00:00] W Nelles gibt auf W Nelles gibt auf W Nelles gibt auf (Lag: Av=0.77s, max=1.2s) (Lag: Av=0.77s, max=1.2s) (Lag: Av=0.77s, max=1.2s)} 1-0

[Event "417 Stay Safe Play From Home series"]
[Site "Emanuel Lasker Arena"]
[Date "2020.08.28"]
[Round "1"]
[White "AChessPlayer"]
[Black "TheCHESSHOUSE"]
[Result "0-1"]
[WhiteElo "2298"]
[BlackElo "2036"]
[PlyCount "78"]
[EventDate "2020.08.28"]
[EventType "swiss (blitz)"]

1. Nf3 {[%emt 0:00:01]} g6 {[%emt 0:00:01]} 2. g3 {[%emt 0:00:01]} Bg7 {[%emt 0:00:00]} 3. Bg2 {[%emt 0:00:01]} Nf6 {[%emt 0:00:00]} 4. O-O {[%emt 0:00:00]} d6 {[%emt 0:00:00]} 5. d4 {[%emt 0:00:01]} O-O {[%emt 0:00:00]} 6. Nc3 {[%emt 0:00:00]} c6 {[%emt 0:00:00]} 7. a4 {[%emt 0:00:01]} Nbd7 {[%emt 0:00:00]} 8. e4 {[%emt 0:00:00]} e5 {[%emt 0:00:01]} 9. Re1 {[%emt 0:00:00]} Qc7 {[%emt 0:00:03]} 10. h3 {[%emt 0:00:00]} exd4 {[%emt 0:00:04]} 11. Nxd4 {[%emt 0:00:01]} Re8 {[%emt 0:00:00]} 12. Bf4 {[%emt 0:00:02]} Ne5 {[%emt 0:00:01]} 13. g4 {[%emt 0:00:02]} h6 {[%emt 0:00:02]} 14. Bg3 {[%emt 0:00:01]} g5 {[%emt 0:00:01]} 15. Nf5 {[%emt 0:00:05]} Bxf5 {[%emt 0:00:02]} 16. exf5 {[%emt 0:00:00]} Rad8 {[%emt 0:00:01]} 17. b3 {[%emt 0:00:04]} Qa5 {[%emt 0:00:01]} 18. Qd2 {[%emt 0:00:13]} Nfxg4 {[%emt 0:00:13]} 19. hxg4 {[%emt 0:00:03]} Nxg4 {[%emt 0:00:00]} 20. Rxe8+ {[%emt 0:00:05]} Rxe8 {[%emt 0:00:01]} 21. f6 {[%emt 0:00:02]} Bxf6 {[%emt 0:00:02]} 22. b4 {[%emt 0:00:06]} Qxb4 {[%emt 0:00:02]} 23. Rb1 {[%emt 0:00:00]} Qxc3 {[%emt 0:00:01]} 24. Qxc3 {[%emt 0:00:01]} Bxc3 {[%emt 0:00:00]} 25. Rxb7 {[%emt 0:00:02]} Re1+ {[%emt 0:00:03]} 26. Bf1 {[%emt 0:00:00]} Bd4 {[%emt 0:00:01]} 27. Kg2 {[%emt 0:00:00]} Rc1 {[%emt 0:00:02]} 28. Rb8+ {[%emt 0:00:00]} Kg7 {[%emt 0:00:01]} 29. Bd3 {[%emt 0:00:00]} Rd1 {[%emt 0:00:04]} 30. Rd8 {[%emt 0:00:00]} d5 {[%emt 0:00:01]} 31. Rd6 {[%emt 0:00:01]} Rd2 {[%emt 0:00:01]} 32. Rxc6 {[%emt 0:00:01]} Ne3+ {[%emt 0:00:01]} 33. Kf3 {[%emt 0:00:01]} Nf5 {[%emt 0:00:00]} 34. Rc7 {[%emt 0:00:01]} g4+ {[%emt 0:00:02]} 35. Kf4 {[%emt 0:00:01]} Kg6 {[%emt 0:00:01]} 36. Bxf5+ {[%emt 0:00:02]} Kg7 {[%emt 0:00:00]} 37. Bd3 {[%emt 0:00:00]} Bxf2 {[%emt 0:00:01]} 38. Kxg4 {[%emt 0:00:00]} Be3 {[%emt 0:00:01]} 39. Bf5 {[%emt 0:00:00]} Rg2 {[%emt 0:00:00] Time Time Time (Lag: Av=0.78s, max=1.5s) (Lag: Av=0.78s, max=1.5s) (Lag: Av=0.78s, max=1.5s)} 0-1

[Event "417 Stay Safe Play From Home series"]
[Site "Emanuel Lasker Arena"]
[Date "2020.08.28"]
[Round "1"]
[White "Stefanone"]
[Black "IceQueen"]
[Result "0-1"]
[WhiteElo "2026"]
[BlackElo "2361"]
[PlyCount "59"]
[EventDate "2020.08.28"]
[EventType "swiss (blitz)"]

1. d4 {[%emt 0:00:01]} c5 {[%emt 0:00:01]} 2. e3 {[%emt 0:00:00]} cxd4 {[%emt 0:00:01]} 3. exd4 {[%emt 0:00:00]} d5 {[%emt 0:00:00]} 4. c3 {[%emt 0:00:00]} Nf6 {[%emt 0:00:00]} 5. f4 {[%emt 0:00:00]} e6 {[%emt 0:00:00]} 6. Nf3 {[%emt 0:00:00]} Be7 {[%emt 0:00:00]} 7. Ne5 {[%emt 0:00:00]} O-O {[%emt 0:00:00]} 8. Bd3 {[%emt 0:00:00]} Ne4 {[%emt 0:00:00]} 9. O-O {[%emt 0:00:01]} f6 {[%emt 0:00:01]} 10. Bxe4 {[%emt 0:00:01]} dxe4 {[%emt 0:00:01]} 11. Ng4 {[%emt 0:00:01]} Nc6 {[%emt 0:00:01]} 12. Ne3 {[%emt 0:00:00]} f5 {[%emt 0:00:01]} 13. Qe2 {[%emt 0:00:01]} b6 {[%emt 0:00:01]} 14. b3 {[%emt 0:00:01]} a5 {[%emt 0:00:00]} 15. Nd2 {[%emt 0:00:01]} Ba6 {[%emt 0:00:01]} 16. Ndc4 {[%emt 0:00:01]} b5 {[%emt 0:00:02]} 17. Ne5 {[%emt 0:00:02]} Nxe5 {[%emt 0:00:01]} 18. fxe5 {[%emt 0:00:00]} b4 {[%emt 0:00:00]} 19. c4 {[%emt 0:00:01]} Qxd4 {[%emt 0:00:01]} 20. Bb2 {[%emt 0:00:00]} Qd3 {[%emt 0:00:01]} 21. Qf2 {[%emt 0:00:02]} Bc5 {[%emt 0:00:01]} 22. Rae1 {[%emt 0:00:02]} Rad8 {[%emt 0:00:01]} 23. Qg3 {[%emt 0:00:03]} Qd2 {[%emt 0:00:09]} 24. Bc1 {[%emt 0:00:05]} Qxa2 {[%emt 0:00:03]} 25. h4 {[%emt 0:00:02]} Qxb3 {[%emt 0:00:03]} 26. h5 {[%emt 0:00:01]} Bxc4 {[%emt 0:00:03]} 27. h6 {[%emt 0:00:02]} g6 {[%emt 0:00:01]} 28. Qg5 {[%emt 0:00:01]} Bxf1 {[%emt 0:00:03]} 29. Rxf1 {[%emt 0:00:01]} Rd1 {[%emt 0:00:02]} 30. Qxf5 {[%emt 0:00:08] Stefanone abbandona Stefanone abbandona Stefanone abbandona (Lag: Av=0.38s, max=1.0s) (Lag: Av=0.38s, max=1.0s) (Lag: Av=0.38s, max=1.0s)} 0-1

[Event "417 Stay Safe Play From Home series"]
[Site "Emanuel Lasker Arena"]
[Date "2020.08.28"]
[Round "1"]
[White "GMONIK"]
[Black "Lazieri3"]
[Result "0-1"]
[WhiteElo "1782"]
[BlackElo "2101"]
[PlyCount "122"]
[EventDate "2020.08.28"]
[EventType "swiss (blitz)"]

1. e4 {[%emt 0:00:01]} c6 {[%emt 0:00:00]} 2. d4 {[%emt 0:00:01]} d5 {[%emt 0:00:00]} 3. e5 {[%emt 0:00:00]} Bf5 {[%emt 0:00:01]} 4. Be3 {[%emt 0:00:00]} e6 {[%emt 0:00:01]} 5. Nf3 {[%emt 0:00:00]} c5 {[%emt 0:00:00]} 6. Nc3 {[%emt 0:00:00]} cxd4 {[%emt 0:00:01]} 7. Bxd4 {[%emt 0:00:01]} Nc6 {[%emt 0:00:01]} 8. Bb5 {[%emt 0:00:01]} Nge7 {[%emt 0:00:02]} 9. Bxc6+ {[%emt 0:00:00]} Nxc6 {[%emt 0:00:01]} 10. O-O {[%emt 0:00:00]} Nxd4 {[%emt 0:00:01]} 11. Nxd4 {[%emt 0:00:00]} Bg6 {[%emt 0:00:01]} 12. f4 {[%emt 0:00:01]} Be7 {[%emt 0:00:01]} 13. Qe2 {[%emt 0:00:01]} Bc5 {[%emt 0:00:01]} 14. Qd3 {[%emt 0:00:03]} Qb6 {[%emt 0:00:01]} 15. Nce2 {[%emt 0:00:01]} Qxb2 {[%emt 0:00:01]} 16. Rab1 {[%emt 0:00:01]} Qa3 {[%emt 0:00:01]} 17. Rxb7 {[%emt 0:00:01]} Qxd3 {[%emt 0:00:01]} 18. cxd3 {[%emt 0:00:01]} Bxd3 {[%emt 0:00:01]} 19. Rc1 {[%emt 0:00:04]} Bxe2 {[%emt 0:00:03]} 20. Rxc5 {[%emt 0:00:01]} O-O {[%emt 0:00:01]} 21. Rcc7 {[%emt 0:00:00]} Bc4 {[%emt 0:00:02]} 22. Nc6 {[%emt 0:00:01]} h5 {[%emt 0:00:06]} 23. Ne7+ {[%emt 0:00:01]} Kh7 {[%emt 0:00:01]} 24. f5 {[%emt 0:00:01]} exf5 {[%emt 0:00:02]} 25. Nxf5 {[%emt 0:00:01]} g6 {[%emt 0:00:01]} 26. Nd6 {[%emt 0:00:01]} Rab8 {[%emt 0:00:03]} 27. Nxf7 {[%emt 0:00:03]} Rxb7 {[%emt 0:00:02]} 28. Rxb7 {[%emt 0:00:00]} Kg8 {[%emt 0:00:05]} 29. e6 {[%emt 0:00:02]} d4 {[%emt 0:00:02]} 30. Nh6+ {[%emt 0:00:01]} Kh8 {[%emt 0:00:01]} 31. h3 {[%emt 0:00:01]} d3 {[%emt 0:00:02]} 32. e7 {[%emt 0:00:01]} Re8 {[%emt 0:00:01]} 33. Nf7+ {[%emt 0:00:01]} Bxf7 {[%emt 0:00:02]} 34. Rd7 {[%emt 0:00:02]} Kg7 {[%emt 0:00:01]} 35. Rxd3 {[%emt 0:00:01]} Rxe7 {[%emt 0:00:01]} 36. Kh2 {[%emt 0:00:00]} Rb7 {[%emt 0:00:01]} 37. Ra3 {[%emt 0:00:00]} Rb2 {[%emt 0:00:00]} 38. Kg3 {[%emt 0:00:01]} Rxa2 {[%emt 0:00:00]} 39. Rxa2 {[%emt 0:00:01]} Bxa2 {[%emt 0:00:00]} 40. Kf2 {[%emt 0:00:00]} Bd5 {[%emt 0:00:01]} 41. Ke3 {[%emt 0:00:00]} Bxg2 {[%emt 0:00:00]} 42. h4 {[%emt 0:00:01]} Bh3 {[%emt 0:00:00]} 43. Kd4 {[%emt 0:00:00]} Bg4 {[%emt 0:00:00]} 44. Kc5 {[%emt 0:00:00]} g5 {[%emt 0:00:00]} 45. hxg5 {[%emt 0:00:02]} Kg6 {[%emt 0:00:00]} 46. Kd4 {[%emt 0:00:00]} Kxg5 {[%emt 0:00:00]} 47. Ke3 {[%emt 0:00:00]} a5 {[%emt 0:00:01]} 48. Kf2 {[%emt 0:00:00]} a4 {[%emt 0:00:00]} 49. Ke1 {[%emt 0:00:00]} a3 {[%emt 0:00:00]} 50. Kd2 {[%emt 0:00:00]} a2 {[%emt 0:00:00]} 51. Kc3 {[%emt 0:00:00]} a1=Q+ {[%emt 0:00:00]} 52. Kb3 {[%emt 0:00:00]} Qd1+ {[%emt 0:00:00]} 53. Kc4 {[%emt 0:00:00]} h4 {[%emt 0:00:00]} 54. Kc3 {[%emt 0:00:00]} h3 {[%emt 0:00:01]} 55. Kc4 {[%emt 0:00:00]} h2 {[%emt 0:00:00]} 56. Kc3 {[%emt 0:00:00]} h1=Q {[%emt 0:00:00]} 57. Kc4 {[%emt 0:00:00]} Qhe1 {[%emt 0:00:00]} 58. Kc5 {[%emt 0:00:01]} Qed2 {[%emt 0:00:00]} 59. Kc6 {[%emt 0:00:01]} Q2c2+ {[%emt 0:00:00]} 60. Kb7 {[%emt 0:00:00]} Qdb1+ {[%emt 0:00:00]} 61. Ka8 {[%emt 0:00:00]} Qca2# {[%emt 0:00:00] (Lag: Av=0.54s, max=1.2s) (Lag: Av=0.54s, max=1.2s) (Lag: Av=0.54s, max=1.2s)} 0-1

[Event "417 Stay Safe Play From Home series"]
[Site "Emanuel Lasker Arena"]
[Date "2020.08.28"]
[Round "1"]
[White "KING o KONG"]
[Black "Fischer_11"]
[Result "0-1"]
[WhiteElo "954"]
[BlackElo "2027"]
[Annotator "NA"]
[PlyCount "46"]
[EventDate "2020.08.28"]
[EventType "swiss (blitz)"]

1. d3 {[%emt 0:00:03]} d5 {[%emt 0:00:01]} 2. e3 {[%emt 0:00:02]} c5 {[%emt 0:00:00]} 3. b3 {[%emt 0:00:02]} Nc6 {[%emt 0:00:00]} 4. Bb2 {[%emt 0:00:01]} Nf6 {[%emt 0:00:01]} 5. Be2 {[%emt 0:00:01]} Bf5 {[%emt 0:00:01]} 6. Bf3 {[%emt 0:00:01]} e6 {[%emt 0:00:02]} 7. Qe2 {[%emt 0:00:01]} Be7 {[%emt 0:00:01]} 8. Nd2 {[%emt 0:00:01]} O-O {[%emt 0:00:01]} 9. O-O-O {[%emt 0:00:01]} Bg6 {[%emt 0:00:00]} 10. g3 {[%emt 0:00:02]} a5 {[%emt 0:00:00]} 11. a4 {[%emt 0:00:02]} Nb4 {[%emt 0:00:01]} 12. Kb1 {[%emt 0:00:02]} b5 {[%emt 0:00:01]} 13. h4 {[%emt 0:00:03]} bxa4 {[%emt 0:00:01]} 14. g4 {[%emt 0:00:04]} axb3 {[%emt 0:00:03]} 15. cxb3 {[%emt 0:00:05]} Bxd3+ {[%emt 0:00:04]} 16. Qxd3 {[%emt 0:00:06]} Nxd3 {[%emt 0:00:00]} 17. h5 {[%emt 0:00:03]} Nxb2 {[%emt 0:00:01]} 18. Rc1 {[%emt 0:00:02]} a4 {[%emt 0:00:00]} 19. bxa4 {[%emt 0:00:02]} Nd3 {[%emt 0:00:02]} 20. Rc3 {[%emt 0:00:03]} c4 {[%emt 0:00:01]} 21. Ne2 {[%emt 0:00:02]} Rxa4 {[%emt 0:00:02]} 22. Rd1 {[%emt 0:00:04]} Qb6+ {[%emt 0:00:02]} 23. Kc2 {[%emt 0:00:03]} Ra2# {[%emt 0:00:00] Mate Mate Mate} 0-1

[Event "417 Stay Safe Play From Home series"]
[Site "Emanuel Lasker Arena"]
[Date "2020.08.28"]
[Round "2"]
[White "NTBT_DHS"]
[Black "AChessPlayer"]
[Result "1-0"]
[WhiteElo "2592"]
[BlackElo "2270"]
[PlyCount "133"]
[EventDate "2020.08.28"]
[EventType "swiss (blitz)"]

1. d4 {[%emt 0:00:01]} Nf6 {[%emt 0:00:01]} 2. c4 {[%emt 0:00:00]} c6 {[%emt 0:00:01]} 3. Nf3 {[%emt 0:00:00]} g6 {[%emt 0:00:01]} 4. Nc3 {[%emt 0:00:00]} Bg7 {[%emt 0:00:01]} 5. e4 {[%emt 0:00:00]} d6 {[%emt 0:00:00]} 6. Bd3 {[%emt 0:00:01]} O-O {[%emt 0:00:00]} 7. O-O {[%emt 0:00:00]} Bg4 {[%emt 0:00:01]} 8. h3 {[%emt 0:00:00]} Bxf3 {[%emt 0:00:01]} 9. Qxf3 {[%emt 0:00:00]} e5 {[%emt 0:00:00]} 10. d5 {[%emt 0:00:01]} Nbd7 {[%emt 0:00:01]} 11. Be3 {[%emt 0:00:00]} a5 {[%emt 0:00:01]} 12. Rad1 {[%emt 0:00:01]} c5 {[%emt 0:00:01]} 13. Nb5 {[%emt 0:00:01]} Ne8 {[%emt 0:00:00]} 14. Qg3 {[%emt 0:00:01]} h6 {[%emt 0:00:00]} 15. b3 {[%emt 0:00:01]} Kh7 {[%emt 0:00:01]} 16. a4 {[%emt 0:00:01]} Ndf6 {[%emt 0:00:01]} 17. Qf3 {[%emt 0:00:02]} Nh5 {[%emt 0:00:01]} 18. g3 {[%emt 0:00:02]} Nc7 {[%emt 0:00:03]} 19. Nc3 {[%emt 0:00:02]} Qe8 {[%emt 0:00:01]} 20. Qg2 {[%emt 0:00:01]} Bf6 {[%emt 0:00:02]} 21. Be2 {[%emt 0:00:02]} Ng7 {[%emt 0:00:01]} 22. Rd3 {[%emt 0:00:03]} Qe7 {[%emt 0:00:04]} 23. Bd1 {[%emt 0:00:02]} Na6 {[%emt 0:00:01]} 24. Bd2 {[%emt 0:00:01]} Nb4 {[%emt 0:00:01]} 25. Re3 {[%emt 0:00:00]} Bg5 {[%emt 0:00:01]} 26. f4 {[%emt 0:00:01]} Bf6 {[%emt 0:00:01]} 27. f5 {[%emt 0:00:02]} Bg5 {[%emt 0:00:01]} 28. Re2 {[%emt 0:00:02]} Bxd2 {[%emt 0:00:01]} 29. Rxd2 {[%emt 0:00:00]} Qg5 {[%emt 0:00:02]} 30. h4 {[%emt 0:00:02]} Qe3+ {[%emt 0:00:03]} 31. Kh2 {[%emt 0:00:01]} Qxc3 {[%emt 0:00:01]} 32. Rf3 {[%emt 0:00:00]} Qa1 {[%emt 0:00:01]} 33. g4 {[%emt 0:00:02]} gxf5 {[%emt 0:00:03]} 34. gxf5 {[%emt 0:00:03]} Rg8 {[%emt 0:00:01]} 35. Qh3 {[%emt 0:00:02]} Nh5 {[%emt 0:00:01]} 36. f6 {[%emt 0:00:02]} Rg6 {[%emt 0:00:03]} 37. Qf5 {[%emt 0:00:02]} Nxf6 {[%emt 0:00:00]} 38. h5 {[%emt 0:00:02]} Nxh5 {[%emt 0:00:02]} 39. Qxh5 {[%emt 0:00:01]} Rag8 {[%emt 0:00:03]} 40. Rxf7+ {[%emt 0:00:01]} R8g7 {[%emt 0:00:00]} 41. Rxg7+ {[%emt 0:00:01]} Kxg7 {[%emt 0:00:00]} 42. Qf5 {[%emt 0:00:03]} Qc3 {[%emt 0:00:01]} 43. Rg2 {[%emt 0:00:03]} Rxg2+ {[%emt 0:00:02]} 44. Kxg2 {[%emt 0:00:00]} Qd2+ {[%emt 0:00:00]} 45. Kh3 {[%emt 0:00:01]} Qxd1 {[%emt 0:00:01]} 46. Qd7+ {[%emt 0:00:00]} Kg6 {[%emt 0:00:01]} 47. Qxd6+ {[%emt 0:00:00]} Kf7 {[%emt 0:00:00]} 48. Qd7+ {[%emt 0:00:01]} Kf6 {[%emt 0:00:00]} 49. Qd6+ {[%emt 0:00:00]} Kf7 {[%emt 0:00:02]} 50. Qe6+ {[%emt 0:00:00]} Kg7 {[%emt 0:00:01]} 51. Qe7+ {[%emt 0:00:01]} Kg6 {[%emt 0:00:00]} 52. Qe6+ {[%emt 0:00:00]} Kg7 {[%emt 0:00:00]} 53. Qxe5+ {[%emt 0:00:01]} Kg8 {[%emt 0:00:00]} 54. Qe6+ {[%emt 0:00:00]} Kg7 {[%emt 0:00:00]} 55. Qe5+ {[%emt 0:00:00]} Kg8 {[%emt 0:00:00]} 56. Qd6 {[%emt 0:00:00]} Kg7 {[%emt 0:00:00]} 57. Qe6 {[%emt 0:00:00]} Kh7 {[%emt 0:00:01]} 58. Qe7+ {[%emt 0:00:00]} Kg6 {[%emt 0:00:01]} 59. Kh4 {[%emt 0:00:00]} Qh1+ {[%emt 0:00:01]} 60. Kg4 {[%emt 0:00:00]} Qg1+ {[%emt 0:00:00]} 61. Kf3 {[%emt 0:00:00]} Qf1+ {[%emt 0:00:00]} 62. Kg4 {[%emt 0:00:00]} Qe1 {[%emt 0:00:00]} 63. Kf4 {[%emt 0:00:00]} Qg1 {[%emt 0:00:00]} 64. Ke5 {[%emt 0:00:00]} Kh5 {[%emt 0:00:00]} 65. Kd6 {[%emt 0:00:00]} Kg4 {[%emt 0:00:00]} 66. Qe5 {[%emt 0:00:00]} Qg3 {[%emt 0:00:00]} 67. Qf4+ {[%emt 0:00:00] Time Time Time (Lag: Av=0.79s, max=1.7s) (Lag: Av=0.79s, max=1.7s) (Lag: Av=0.79s, max=1.7s)} 1-0